| 000 | 01114nam a22002657a 4500 | ||
|---|---|---|---|
| 999 |
_c64781 _d64781 |
||
| 005 | 20240530110750.0 | ||
| 008 | 181211s2018 ua ak g b 000 0 ara d | ||
| 017 |
_a2016/16392 _bمصر. دار الكتب |
||
| 020 | _a9789770530771 | ||
| 040 |
_aEG-CaGPL _cEG-CaGPL |
||
| 082 | 0 | 4 |
_221 _a005.3 / _bم ت |
| 100 | 0 | _aمصطفى حسين باهى | |
| 245 | 1 | 2 |
_aالتحليل الاحصائى المتقدم باستخدام مايكروسوف اكسل = _bExcel / _cمصطفى حسين باهى، هيثم عبدالمجيد محمد |
| 250 | _aط.1 | ||
| 260 |
_aالقاهرة : _bمكتبة الانجلو المصرية ، _c2017 . |
||
| 300 |
_a100 ص. : _bايض ؛ _c24 سم. |
||
| 504 | _aيشتمل على ارجاعات ببليوجرافية | ||
| 650 | 0 | 7 |
_2qrmak _aالحاسبات الالكترونية |
| 650 | 0 | 7 |
_2qrmak _aالحاسبات الالكترونية _zبرامج |
| 650 | 0 | 7 |
_2qrmak _aالبرامج الالية |
| 651 | _2qrmak | ||
| 700 | 0 |
_aهيثم عبدالمجيد محمد _eمؤلف مشارك |
|
| 942 |
_2ddc _cBK |
||